[Event "BEL-chT 2223"]
[Site "Belgium"]
[Date "2023.04.16"]
[Round "10.1"]
[White "De Smedt, Mark"]
[Black "Nemegeer, Arne"]
[Result "0-1"]
[WhiteElo "1930"]
[BlackElo "2129"]
[PlyCount "62"]
[EventDate "2022.09.25"]
[EventType "team-tourn"]
[EventRounds "11"]
[EventCountry "BEL"]
[SourceTitle "EXT 2024"]
[Source "ChessBase"]
[SourceDate "2023.10.10"]
[SourceVersion "1"]
[SourceVersionDate "2023.10.10"]
[SourceQuality "1"]
[WhiteTeam "Brasschaat"]
[BlackTeam "KBSK Brugge"]
[WhiteTeamCountry "BEL"]
[BlackTeamCountry "BEL"]

1. e4 c6 2. d4 d5 3. Nd2 dxe4 4. Nxe4 Nf6 5. Nxf6+ exf6 6. Be3 Bd6 7. Bd3 0-0 8. Qd2 Be6 9. c4 Na6 10. a3 Re8 11. Ne2 Nc7 12. Nc3 Rc8 13. 0-0 a6 14. Rad1 Bg4 15. f3 Bh5 16. Bf5 Rb8 17. b4 Bg6 18. Bxg6 hxg6 19. Rfe1 f5 20. c5 Bf8 21. Bf4 Rxe1+ 22. Rxe1 Rc8 23. Bxc7 Qxc7 24. Na4 Rd8 25. Nb6 a5 26. Qe3 axb4 27. axb4 f4 28. Qc3 Be7 29. Qc4 Bf6 30. d5 cxd5 31. Nxd5 Qc6 0-1

[Event "Maastricht Limburg op 14th"]
[Site "Maastricht"]
[Date "2022.06.04"]
[Round "3"]
[White "Nemegeer, Arne"]
[Black "Lenaerts, Lennert"]
[Result "0-1"]
[WhiteElo "2107"]
[BlackElo "2353"]
[PlyCount "24"]
[EventDate "2022.06.03"]
[EventType "swiss"]
[EventRounds "7"]
[EventCountry "NED"]
[SourceTitle "CBM 208 Extra"]
[Source "ChessBase"]
[SourceDate "2022.07.31"]
[SourceVersion "1"]
[SourceVersionDate "2022.07.31"]
[SourceQuality "1"]

1. e4 c5 2. Nf3 e6 3. g3 Nc6 4. Bg2 Nf6 5. Qe2 e5 6. 0-0 d6 7. c3 Be7 8. d3 0-0 9. Na3 Re8 10. Nc4 Bf8 11. Ne3 g6 12. Ne1 Bg7 0-1

[Event "EU-ch U14"]
[Site "Bratislava"]
[Date "2019.08.07"]
[Round "6"]
[White "Nemegeer, Arne"]
[Black "Schouten, Mathias Lind"]
[Result "0-1"]
[WhiteElo "1803"]
[BlackElo "1958"]
[PlyCount "68"]
[EventDate "2019.08.02"]
[EventType "swiss"]
[EventRounds "9"]
[EventCountry "SVK"]
[SourceTitle "EXT 2020"]
[Source "ChessBase"]
[SourceDate "2019.10.17"]
[SourceVersion "1"]
[SourceVersionDate "2019.10.17"]
[SourceQuality "1"]

1. e4 e5 2. Nf3 Nc6 3. d4 exd4 4. Nxd4 Bb4+ 5. c3 Bc5 6. Be3 Bb6 7. Nf5 Bxe3 8. Nxe3 Nf6 9. f3 0-0 10. c4 d6 11. Nc3 Nd7 12. Be2 Nc5 13. 0-0 Ne7 14. b4 Ne6 15. Qd2 f5 16. Bd3 f4 17. Ned5 Ng6 18. Ne2 Qh4 19. Bc2 Ne5 20. Bb3 Kh8 21. Nd4 Nxd4 22. Qxd4 Rf7 23. Rad1 Qg5 24. Nxc7 Bh3 25. Rf2 Nxf3+ 26. Kh1 Nxd4 27. Nxa8 Nxb3 28. gxh3 Qd8 29. e5 Qxa8 30. exd6 b5+ 31. Kg1 bxc4 32. axb3 cxb3 33. d7 Qd8 34. Rfd2 b2 0-1

[Event "EU-ch U14"]
[Site "Bratislava"]
[Date "2019.08.02"]
[Round "1"]
[White "Stamatiou, Rodolfos"]
[Black "Nemegeer, Arne"]
[Result "1-0"]
[WhiteElo "2137"]
[BlackElo "1803"]
[PlyCount "53"]
[EventDate "2019.08.02"]
[EventType "swiss"]
[EventRounds "9"]
[EventCountry "SVK"]
[SourceTitle "EXT 2020"]
[Source "ChessBase"]
[SourceDate "2019.10.17"]
[SourceVersion "1"]
[SourceVersionDate "2019.10.17"]
[SourceQuality "1"]

1. e4 c5 2. Nf3 d6 3. d4 cxd4 4. Nxd4 Nf6 5. Nc3 g6 6. Be3 Bg7 7. f3 0-0 8. Qd2 Nc6 9. 0-0-0 d5 10. exd5 Nxd5 11. Nxc6 bxc6 12. Bd4 e5 13. Bc5 Be6 14. Ne4 f5 15. Ng5 Bh6 16. h4 Re8 17. Bc4 Nc7 18. Qe3 Qc8 19. Bb3 Bxb3 20. Qxb3+ Ne6 21. Rd6 Kh8 22. Be3 Nxg5 23. hxg5 Bg7 24. Qf7 Rb8 25. Rxg6 Rg8 26. Rxh7+ Kxh7 27. Rh6# 1-0

[Event "EU Union-ch U12 15th"]
[Site "Mureck"]
[Date "2017.08.04"]
[Round "3"]
[White "Raats, Joppe"]
[Black "Nemegeer, Arne"]
[Result "1-0"]
[WhiteElo "1782"]
[BlackElo "1470"]
[PlyCount "107"]
[EventDate "2017.08.02"]
[EventType "swiss"]
[EventRounds "9"]
[EventCountry "AUT"]
[SourceTitle "CBM 180 Extra"]
[Source "ChessBase"]
[SourceDate "2017.10.06"]
[SourceVersion "1"]
[SourceVersionDate "2017.10.06"]
[SourceQuality "1"]

1. e4 c5 2. d4 cxd4 3. c3 dxc3 4. Nxc3 Nc6 5. Bc4 e6 6. Nf3 Be7 7. 0-0 d6 8. Bf4 Nf6 9. Qe2 e5 10. Be3 0-0 11. Rfd1 Bd7 12. Rac1 Rc8 13. Bb3 Ng4 14. Nd5 Nxe3 15. Qxe3 Be6 16. a3 h6 17. h3 Qd7 18. Ba4 f5 19. Nb4 Qe8 20. exf5 Bxf5 21. Nd5 Qf7 22. Bxc6 bxc6 23. Nxe7+ Qxe7 24. Nd4 c5 25. Nxf5 Rxf5 26. Qe4 Rf6 27. b4 Rcf8 28. bxc5 dxc5 29. Qd5+ Kh8 30. Qxc5 Qxc5 31. Rxc5 Rxf2 32. Rxe5 Ra2 33. Rd3 Rf7 34. Ra5 Rb7 35. Ra4 Kg8 36. Rd8+ Kf7 37. Ra8 Rb3 38. R8xa7+ Kf8 39. Rg4 Raxa3 40. Raxg7 Ra6 41. Rg8+ Kf7 42. R4g7+ Kf6 43. Rg6+ Kf7 44. Rxa6 Kxg8 45. Rxh6 Kg7 46. Rh4 Kg6 47. Rf4 Kg5 48. Rf3 Rb5 49. g3 Rb1+ 50. Kg2 Rb2+ 51. Rf2 Rb3 52. h4+ Kh5 53. Rf5+ Kg4 54. Rg5# 1-0